000 01004nam0a22002291i 4500
001 rc\4962057
005 20240724150505.0
021 _aRU
_b[64-45044]
035 _a(NLR Aleph) 008862832
090 _a8472142
_c8472142
100 _a20130426d1964 |||y0rusy50 ca
101 0 _arus
102 _aRU
105 _ay d |||||
200 1 _aСвязь школьного курса физики с производством
_e(По материалам угольной пром-сти)
_eАвтореферат дис. на соискание учен. степени кандидата пед. наук по методике физики
_fЛенингр. гос. пед. ин-т им. А.И. Герцена. Кафедра методики преподавания физики
210 _aЛенинград
_d1964
215 _a16 с.
700 1 _aРах
_bГ.И.
_gГеоргий Иванович
801 0 _aRU
_bNLR
_gpsbo
801 1 _aRU
_bELAR
_2rusmarc
852 _aNLR
_j64-4/14096
942 _cBOOK